00736nam a2200241 a 4500001001300000003000900013005001700022008004100039020002300080082002200103100002200125245003900147260003700186300000900223500003500232505001000267650002800277700002200305902000800327942000700335952013500342999001700477nice12345678IN_TiNIC20260116014145.0050524s2002 dela grp 000 0 eng  a8170993 c49500a306.0899145bSEN1 aSengupta, Sarthak aTribal Studies in North East India aDelhibMittal Publication c2002 a240p aincludes index and biblioraphy2 aIndex aTribes-India-North East1 aSengupta, Sarthak bSRS cBK 001040708StackRoom-aHMIbHMId2007-04-02g495.00l4o306.0899145 SEN1p021321r2019-10-09s2019-09-25v495.00w2005-05-24yBK c14123d14123